01721nam a22001937a 4500003000400000005001700004008004100021040000800062082001400070100004500084245010500129264006000234500006200294502066500356504003601021505039701057650002401454650004901478OSt20251113161841.0251113b |||||||| |||| 00| 0 eng d cDCL aT-3 Ph.D.0 aKumāra, cAshinbDhamma-Pā-Eng-1(70) aA Study of Avijjā and Taṇhā (Ignorance and Craving) In Theravāda Buddhism /cAshin Kumāra. aMandalay :bState Pariyatti Sāsana University,c2012. aSāsanatakkasīla Dhammapāragū Ph. D. Dissertation. aThis Dissertation is an attempt to solve the problem why beings in the world wander in Saṃsāra. In this dissertation, the Solution is given for the etymological study of Avijjā and Taṇhā and the meaning of Avijjā and Taṇhā based on the grammatical point of View. It is also described the nature of Avijjā and Taṇhā according to psychological and philosophical point of view. Then, it also mentions how the beings go on in Saṃsāra because of Avijjā and Taṇhā and how to eradicate Avijjā and Taṇhā through Sīla (Morality), Samādhi ( Concentration) and Paññā (wisdom) according to Theravāda Buddhism.bPh.Dd2012. aIncludes Bibliographical notes. aIncludes Five Chapters. In Chapter I : An Etymological Study of Avijjā and Taṇhā Chapter II : A Psychological Study of Avijjā and Taṇhā. Chapter III : A Philosophical Study of Avijjā and Taṇhā. Chapter IV : Avijjā and Taṇhā, as Major Cause of Saṃsāra. Chapter V : The Buddhist Way Leading to the Final Cessation of Avijjā and Taṇhā Conclusion. Bibliography. aPh.D. Dissertation a Avijjā and TaṇhāxTheravada Buddhism.